Análisis Económico de la Biodiversidad y los Ecosistemas Locales : (Registro nro. 8816)
[ vista simple ]
| 000 -CABECERA | |
|---|---|
| Campo de control | 00676 a2200157 4500 |
| 005 - FECHA Y HORA DE LA ULTIMA TRANSACCION | |
| Campo de control | 20160820020003.0 |
| 008 - ELEMENTOS DE LONGITUD FIJA—INFORMACION GENERAL | |
| Campo de control | 141121b xxu||||| |||| 00| 0 spa d |
| 040 ## - FUENTE DE CATALOGACIÓN | |
| Agencia catalogadora original | CO-BoHI |
| Agencia transcriptora | CO-BoHI |
| 041 ## - IDIOMA | |
| Código de idioma para texto/pista de sonido o título separado | Inglés |
| 111 ## - ASIENTO PRINCIPAL--NOMBRE DE REUNION | |
| Lugar de la reunión | Villa de Leyva |
| Fecha de la reunión | agosto 4-9, 1997 |
| 245 ## - MENCION DE TITULO | |
| Título | Análisis Económico de la Biodiversidad y los Ecosistemas Locales : |
| Parte restante del título | valoración y políticas |
| 260 ## - PUBLICACION, DISTRIBUCION, ETC. (PIE DE IMPRENTA) | |
| Lugar de publicación, distribución, etc. | Villa de Leyva |
| Nombre del editor, distribuidor, etc. | Universidad de Massachusetts |
| Fecha de publicación, distribución, etc. | 1997 |
| 300 ## - DESCRIPCION FISICA | |
| Extensión | 497.p |
| Dimensiones | 28.cm. |
| 773 0# - Item fuente: | |
| Lugar, editorial y fecha de publicación | Villa de Leyva Universidad de Massachusetts Instituto Alexander von Humboldt 1997 |
| Título | Anl̀isis econm̤ico de la biodiversidad y los ecosistemas locales, valoracin̤ y polt̕icas |
| 942 ## - ELEMENTOS ADICIONALES (KOHA) | |
| Sistema de clasificación | Local |
| Tipo de ítem | Informe Técnico |
| Koha issues (borrowed), all copies | 1 |
| Withdrawn status | Lost status | Sistema de Clasificación | Damaged status | No para préstamo | Colección | Inventariado | Ubicación Permanente | Ubicación actual | Fecha de adquisición | Total Checkouts | Número topográfico | Inventario / Código de Barras | Date last seen | Date checked out | Price effective from | Forma de adquisición | Tipo de material |
|---|---|---|---|---|---|---|---|---|---|---|---|---|---|---|---|---|---|
| Local | Humboldt | Inventariado 2017 | Bogotá | Bogotá | 21/11/2014 | 1 | IAVH-0015 | 003923 | 09/08/2024 | 19/08/2016 | 21/11/2014 | Institucional | Informe Técnico |